000 00418cam a2200157ua 4500
041 _aeng
_h
082 _a591.1
_bMOY/PR
100 _aMoyes, Christopher D .
245 _aPrinciples of animal physiology /
_cChristopher D Moyes.
_hTextual Documents
260 _a :
_bPearson Education Asia ,
_c2007.
300 _a767 ; .
504 _a
700 1 _aSchulte, Patricia M .
942 _cBK
999 _c13327
_d13327